| 000 | 01507cam a2200373 a 4500 | ||
|---|---|---|---|
| 999 |
_c26765 _d26765 |
||
| 001 | 14512326 | ||
| 005 | 20170206110045.0 | ||
| 008 | 060822s2004 ne a b 001 0 eng c | ||
| 010 | _a 2006279672 | ||
| 015 |
_2bnb _aGBA530456 |
||
| 016 | 7 |
_a013158959 _2Uk |
|
| 020 | _a140202617X (hd.bd.) | ||
| 020 | _a9781402026171 (hd.bd.) | ||
| 020 | _a1402026188 (ebook) | ||
| 020 | _a9781402026188 (ebook) | ||
| 024 | 8 | _a99810474040 | |
| 035 | _a(OCoLC)ocm58421927 | ||
| 040 |
_aOHX _cSTF _dOHX _dUKM _dWSE _dINU _dBAKER _dYDXCP _dDLC |
||
| 042 | _apcc | ||
| 050 | 0 | 0 |
_aBD241 _b.S39 2004 |
| 100 | 1 | _aSeebohm, Thomas M. | |
| 245 | 1 | 0 |
_aHermeneutics : _bmethod and methodology / _cby T.M. Seebohm. |
| 260 |
_aDordrecht : _bKluwer Academic Publishers, _cc2004. |
||
| 300 |
_axi, 272 p. : _bill. ; _c25 cm. |
||
| 440 | 0 |
_aContributions to phenomenology ; _vv. 50. |
|
| 504 | _aIncludes bibliographical references (p. 251-261) and indexes. | ||
| 650 | 0 | _aHermeneutics. | |
| 906 |
_a7 _bcbc _cpccadap _d2 _encip _f20 _gy-gencatlg |
||
| 942 |
_2lcc _cBOOKS _hBD 241 .S39 2004 |
||